Návrh a výroba súčiastky s využitím aditívnej technológie

Salvato in:
Dettagli Bibliografici
Autore principale: Kanta, Mário (Autore)
Altri autori: Molnár, Ivan (Relatore della tesi)
Natura: Manoscritto Libro
Lingua:slovacco
Pubblicazione: 2019
Soggetti:
Accesso online:http://is.stuba.sk/zp/portal_zp.pl?podrobnosti=134408
Tags: Aggiungi Tag
Nessun Tag, puoi essere il primo ad aggiungerne!!

MARC

LEADER 00000ntm a22000003a 4500
001 stuzp73254
003 SK-STU
005 20190622211225.4
007 ta
008 150427s2015----xo-----f-mn---000-0-slo-d
040 |a STU  |b slo 
041 0 |a slo 
100 1 |a Kanta, Mário  |u 063000  |4 aut  |U MTF Materiálovotechnologická fakulta  |T MTF Ústav výrobných technológií  |X 85536  |U M3000  |Y 83  |7 85536 
242 0 1 |a Design and manufacture of component using additive manufacturing technology  |y eng 
245 1 0 |a Návrh a výroba súčiastky s využitím aditívnej technológie 
260 |c 2019 
650 4 |a Aditívna výroba  |2 slo 
650 4 |a Aditívne technológie  |2 slo 
650 4 |a Rapid Prototyping  |2 slo 
650 4 |a 3D tlač  |2 slo 
650 4 |a Additive technologies  |2 eng 
650 4 |a Rapid Prototyping  |2 eng 
650 4 |a 3D print  |2 eng 
650 4 |a Additive manufacturing  |2 eng 
700 1 |a Molnár, Ivan  |u 063000  |k Z3  |4 ths  |U MTF Materiálovotechnologická fakulta  |T MTF Ústav výrobných technológií  |X 45979  |U M3000  |Y 83  |7 A000045979 
856 4 |u http://is.stuba.sk/zp/portal_zp.pl?podrobnosti=134408 
996 |c M* BP-8650  |l MMSKP  |s P  |a 0  |w stuzp73254_0001